Pokémon - Champions d'Arène - Kiméra (N2/B2) - Statistiques

Statistiques générales
  • Ce quiz a été pris 19 fois
  • Le résultat moyen est 83 sur 101
Statistiques - réponses
Hint Réponse % Correct
Capacités Ball'Ombre
100%
Type Eau
100%
Ectoplasma
100%
Type Électrik
100%
Capacités Feu Follet
100%
Grodrive
100%
Talent Lévitation
100%
Magirêve
100%
Motisma
100%
Moyade
100%
Noctunoir
100%
Type Poison
100%
Talent Pression
100%
Capacités Psyko
100%
Type Spectre
100%
Spiritomb
100%
Type Ténèbres
100%
Capacités Tonnerre
100%
Type Vol
100%
Objet Baie Sitrus
90%
Capacités Coup Bas
90%
Capacités Dévorêve
90%
Capacités Hypnose
90%
Capacités Malédiction
90%
Capacités Rayon Gemme
90%
Capacités Rayon Chargé
80%
Capacités Vibrobscur
80%
Capacités Balance
70%
Capacités Fatal-Foudre
70%
Capacités Ombre Portée
70%
Capacités Onde Folie
70%
Capacités Acrobatie
60%
Objet Ceinture Force
60%
Capacités Châtiment
60%
Capacités Clonage
60%
Capacités Saumure
60%
Capacités Cauchemar
50%
Capacités Plénitude
50%
Capacités Soin
50%
Capacités Vent Arrière
50%
Objet Baie Abriko
40%
Objet Baie Sailak
40%
Objet Joyau Électr
40%
Objet Joyau Psy
40%
Capacités Explosion
30%
Capacités Giclédo
30%
Objet Joyau Spectre
30%
Objet Joyau Vol
30%
Capacités Machination
10%
Aucun quiz correspondant
Distribution des résultats
% des personnes avec chaque résultat
Percentile par nombre de réponses
Votre historique - résultats
Vous n’avez pas pris ce quiz